Digital Design : (Record no. 36327)
[ view plain ]
| 000 -LEADER | |
|---|---|
| fixed length control field | 00581nam a22001937a 4500 |
| 005 - DATE AND TIME OF LATEST TRANSACTION | |
| control field | 20240807130442.0 |
| 008 - FIXED-LENGTH DATA ELEMENTS--GENERAL INFORMATION | |
| fixed length control field | 240807b |||||||| |||| 00| 0 eng d |
| 020 ## - INTERNATIONAL STANDARD BOOK NUMBER | |
| ISBN | 978-81-317-9474-6 |
| 082 ## - DEWEY DECIMAL CLASSIFICATION NUMBER | |
| Classification number | 621.395 |
| Item number | MAN-D |
| 100 ## - MAIN ENTRY--AUTHOR | |
| Author Name | Mano, M. Morris |
| 245 ## - TITLE STATEMENT | |
| Title | Digital Design : |
| Remainder of title | with an Introduction to the verilog HDL/ |
| Statement of responsibility, etc. | by M. Morris Mano, Michael D. Ciletti |
| 250 ## - EDITION STATEMENT | |
| Edition statement | 5th ed. |
| 260 ## - PUBLICATION, DISTRIBUTION, ETC. | |
| Place of Publication | India : |
| Name of publisher, distributor, etc. | Pearsons ; |
| Date of publication, distribution, etc. | 2013 . |
| 300 ## - PHYSICAL DESCRIPTION | |
| Pages | xv, 678 p. : |
| 500 ## - GENERAL NOTE | |
| General note | Include Index. |
| 650 ## - SUBJECT ADDED ENTRY--TOPICAL TERM | |
| Subject / Department | Electrical/Engineering |
| 700 ## - ADDED ENTRY--PERSONAL NAME | |
| Personal name | Ciletti, Michael. D |
| 300 ## - PHYSICAL DESCRIPTION | |
| -- | 23 cm. |
| 952 ## - LOCATION AND ITEM INFORMATION (KOHA) | |
| -- | 0 |
| -- | 0 |
| 952 ## - LOCATION AND ITEM INFORMATION (KOHA) | |
| -- | 0 |
| -- | 0 |
| 952 ## - LOCATION AND ITEM INFORMATION (KOHA) | |
| -- | 0 |
| -- | 0 |
| 952 ## - LOCATION AND ITEM INFORMATION (KOHA) | |
| -- | 0 |
| -- | 0 |
| Lost status | Damaged status | Collection code | Permanent Location | Current Location | Shelving Location | Date acquired | Full Call Number | Accession No./Barcode | Date last seen | Copy number | item type | Koha item type |
|---|---|---|---|---|---|---|---|---|---|---|---|---|
| Engineering | Superior Information Resource Center (SIRC) Superior University- Main Campus | Superior Information Resource Center (SIRC) Superior University- Main Campus | Electrical | 08/07/2024 | 621.395 MAN-D 2017 | 14085 | 08/07/2024 | 1 | BOOK | BOOK | ||
| Engineering | Superior Information Resource Center (SIRC) Superior University- Main Campus | Superior Information Resource Center (SIRC) Superior University- Main Campus | Electrical | 08/07/2024 | 621.395 MAN-D 2017 | 14086 | 08/07/2024 | 2 | BOOK | BOOK | ||
| Engineering | Superior Information Resource Center (SIRC) Superior University- Main Campus | Superior Information Resource Center (SIRC) Superior University- Main Campus | Electrical | 08/07/2024 | 621.395 MAN-D 2017 | 14087 | 08/07/2024 | 3 | BOOK | BOOK | ||
| Engineering | Superior Information Resource Center (SIRC) Superior University- Main Campus | Superior Information Resource Center (SIRC) Superior University- Main Campus | Electrical | 08/07/2024 | 621.395 MAN-D 2017 | 14088 | 08/07/2024 | 4 | BOOK | BOOK |
